000 00339nam a2200121Ia 4500
005 20260326100044.0
008 260326s9999||||xx |||||||||||||| ||und||
100 _aArgan, Giulio Carlo
245 0 _aLa Arquitectura Barroca en Italia /
_cGiulio Carlo Argan
260 _bEdiciones Nueva Visión
650 _aARQUITECTURA BARROCA
942 _cBK
999 _c7135
_d7135